[Event "Montreal Mercredi 12"]
[Site "Montreal"]
[Date "2010.05.19"]
[Round "2"]
[White "Pozdnyakov, Alexander"]
[Black "Neumark Gaudet, Zev"]
[Result "1-0"]
[WhiteElo "1617"]
[BlackElo "1600"]
[PlyCount "31"]
[EventDate "2010.05.12"]
[EventType "tourn"]
[EventRounds "5"]
[EventCountry "CAN"]
[SourceTitle "EXT 2013"]
[Source "ChessBase"]
[SourceDate "2012.11.22"]
[SourceVersion "1"]
[SourceVersionDate "2012.11.22"]
[SourceQuality "1"]

1. e4 d5 2. exd5 Qxd5 3. Nc3 Qa5 4. d4 Nf6 5. Nf3 c6 6. Be2 Bf5 7. 0-0 e6 8. Bf4 Be7 9. Ne5 0-0 10. g4 Be4 11. Nc4 Qd8 12. Bxb8 Qxb8 13. g5 Qf4 14. gxf6 Qg5+ 15. Bg4 Bxf6 16. Nxe4 1-0

[Event "Montreal Saturday op 10"]
[Site "Montreal"]
[Date "2009.11.04"]
[Round "5"]
[White "Neumark Gaudet, Zev"]
[Black "Chestnut, Walter"]
[Result "1/2-1/2"]
[WhiteElo "1578"]
[BlackElo "1621"]
[PlyCount "32"]
[EventDate "2009.10.07"]
[EventType "tourn"]
[EventRounds "5"]
[EventCountry "CAN"]
[SourceTitle "EXT 2011"]
[Source "ChessBase"]
[SourceDate "2010.11.26"]
[SourceVersion "1"]
[SourceVersionDate "2010.11.26"]
[SourceQuality "1"]

1. e4 e5 2. Nc3 Nc6 3. f4 Bc5 4. Nf3 d6 5. Bc4 Nf6 6. d3 Bg4 7. h3 Bxf3 8. Qxf3 Nd4 9. Qd1 a6 10. fxe5 dxe5 11. Bg5 Be7 12. Qd2 b5 13. Bb3 Nxb3 14. axb3 c6 15. 0-0 0-0 16. Ne2 Nxe4 1/2-1/2

[Event "Montreal Mercredi 11"]
[Site "Montreal"]
[Date "2007.12.19"]
[Round "5"]
[White "Neumark Gaudet, Zev"]
[Black "Marquis, Gerald"]
[Result "0-1"]
[WhiteElo "1428"]
[BlackElo "1516"]
[PlyCount "68"]
[EventDate "2007.11.21"]
[EventType "swiss"]
[EventRounds "5"]
[EventCountry "CAN"]
[SourceTitle "EXT 2022"]
[Source "ChessBase"]
[SourceDate "2021.10.06"]
[SourceVersion "1"]
[SourceVersionDate "2021.10.06"]
[SourceQuality "1"]

1. Nh3 e5 2. g3 d5 3. Bg2 Nf6 4. d3 Bc5 5. 0-0 Be6 6. Bg5 h6 7. Be3 Bb6 8. c4 Qd7 9. Nd2 Bxh3 10. Bxb6 axb6 11. e4 Bxg2 12. Kxg2 dxe4 13. dxe4 Qc6 14. Qc2 Na6 15. a3 Nc5 16. Rfe1 0-0-0 17. b4 Rxd2 18. Qxd2 Ncxe4 19. Qc2 Rd8 20. Qc1 Ng5+ 21. Kf1 Qh1+ 22. Ke2 Qf3+ 23. Kf1 Nfe4 24. Ra2 Nh3 25. Qe3 Qxe3 26. Rxe3 Rd2 27. Rxd2 Nxd2+ 28. Kg2 Ng5 29. h4 Ne6 30. Rxe5 Nxc4 31. Rf5 f6 32. Rf3 Nd4 33. Rf4 c5 34. bxc5 bxc5 0-1

[Event "Montreal Mercredi 11"]
[Site "Montreal"]
[Date "2007.12.11"]
[Round "3"]
[White "Neumark Gaudet, Zev"]
[Black "Millette, Sylvain"]
[Result "1-0"]
[WhiteElo "1428"]
[BlackElo "1662"]
[PlyCount "69"]
[EventDate "2007.11.21"]
[EventType "swiss"]
[EventRounds "5"]
[EventCountry "CAN"]
[SourceTitle "EXT 2022"]
[Source "ChessBase"]
[SourceDate "2021.10.06"]
[SourceVersion "1"]
[SourceVersionDate "2021.10.06"]
[SourceQuality "1"]

1. d4 Nf6 2. c4 g6 3. Bg5 d5 4. Bxf6 exf6 5. Nc3 Be6 6. c5 c6 7. e3 Nd7 8. Bd3 f5 9. Nge2 Nf6 10. b4 Ne4 11. Rb1 Bg7 12. b5 Bd7 13. Qb3 Qa5 14. 0-0 Nd2 15. Qb2 Nxf1 16. Kxf1 0-0 17. bxc6 Bxc6 18. Nf4 Rfd8 19. Qb3 Qc7 20. Kg1 Qd7 21. Be2 Bh6 22. Nd3 f6 23. Bf3 a6 24. Nb4 Kg7 25. Ncxd5 Bxd5 26. Nxd5 Rab8 27. Qb6 Qf7 28. Nc7 Qe7 29. Ne6+ Kh8 30. Nxd8 Rxd8 31. Qxb7 Qe8 32. Qxa6 Bxe3 33. Qxf6+ Kg8 34. Re1 Rxd4 35. Qxd4 1-0

[Event "Montreal Mercredi 10"]
[Site "Montreal"]
[Date "2007.10.17"]
[Round "2"]
[White "Neumark Gaudet, Zev"]
[Black "Chesnut, Walter"]
[Result "1/2-1/2"]
[WhiteElo "1462"]
[BlackElo "1463"]
[PlyCount "59"]
[EventDate "2007.10.10"]
[EventType "swiss"]
[EventRounds "5"]
[EventCountry "CAN"]
[SourceTitle "EXT 2022"]
[Source "ChessBase"]
[SourceDate "2021.10.06"]
[SourceVersion "1"]
[SourceVersionDate "2021.10.06"]
[SourceQuality "1"]

1. e4 c5 2. Nc3 Nc6 3. f4 d6 4. Nf3 g6 5. Bb5 Bd7 6. d3 a6 7. Bxc6 Bxc6 8. 0-0 Bg7 9. f5 Nf6 10. e5 Bxf3 11. Qxf3 dxe5 12. fxg6 hxg6 13. h3 b6 14. Ne4 0-0 15. Nxf6+ exf6 16. h4 Qd4+ 17. Qf2 Qxf2+ 18. Rxf2 Rae8 19. g4 e4 20. Bf4 Re6 21. Rd1 f5 22. gxf5 gxf5 23. Rg2 Kh7 24. h5 Bxb2 25. dxe4 Bd4+ 26. Kf1 Rxe4 27. Bd6 Rg8 28. Rxg8 Kxg8 29. Re1 Rxe1+ 30. Kxe1 1/2-1/2

[Event "Montreal Mercredi 04"]
[Site "Montreal"]
[Date "2007.04.25"]
[Round "4"]
[White "Neumark Gaudet, Zev"]
[Black "Chesnut, Walter"]
[Result "0-1"]
[WhiteElo "1480"]
[BlackElo "1488"]
[PlyCount "84"]
[EventDate "2007.04.04"]
[EventType "swiss"]
[EventRounds "5"]
[EventCountry "CAN"]
[SourceTitle "EXT 2022"]
[Source "ChessBase"]
[SourceDate "2021.10.06"]
[SourceVersion "1"]
[SourceVersionDate "2021.10.06"]
[SourceQuality "1"]

1. d4 d5 2. c4 c6 3. Nc3 Nf6 4. Nf3 Bf5 5. Bg5 e6 6. e3 Bd6 7. c5 Be7 8. b4 Nbd7 9. b5 0-0 10. a4 h6 11. Bh4 Ne4 12. Nxe4 Bxe4 13. Bg3 Bf6 14. Be2 Nxc5 15. dxc5 Bxa1 16. Qxa1 Qa5+ 17. Kf1 cxb5 18. Bxb5 a6 19. Be2 Qxc5 20. Be5 f6 21. Bd4 Qc2 22. Ne1 Qb1 23. Qxb1 Bxb1 24. a5 Rac8 25. f3 Rc1 26. Kf2 Ba2 27. Rg1 Bc4 28. Nd3 Rc2 29. Rd1 e5 30. Bb6 e4 31. Nc1 Rc8 32. Kf1 Rxc1 33. Rxc1 Bxe2+ 34. Kxe2 exf3+ 35. Kxf3 Rxc1 36. h3 h5 37. g3 g5 38. Bd8 Kf7 39. h4 g4+ 40. Ke2 Rc3 41. Bb6 Ke6 42. Kd2 Ra3 0-1

[Event "Montreal Mercredi 02"]
[Site "Montreal"]
[Date "2007.02.28"]
[Round "2"]
[White "Neumark Gaudet, Zev"]
[Black "Chesnut, Walter"]
[Result "1-0"]
[WhiteElo "1493"]
[BlackElo "1413"]
[PlyCount "37"]
[EventDate "2007.02.21"]
[EventType "swiss"]
[EventRounds "5"]
[EventCountry "CAN"]
[SourceTitle "EXT 2022"]
[Source "ChessBase"]
[SourceDate "2021.10.06"]
[SourceVersion "1"]
[SourceVersionDate "2021.10.06"]
[SourceQuality "1"]

1. d4 d5 2. c4 c6 3. Nc3 Nf6 4. Bg5 dxc4 5. a4 Bf5 6. Bxf6 exf6 7. e4 Bg6 8. Bxc4 Bb4 9. Qd3 Nd7 10. Nge2 h6 11. 0-0 0-0 12. f4 Nb6 13. Bb3 Nd5 14. Nxd5 cxd5 15. f5 dxe4 16. Qxe4 Bh5 17. Ng3 Re8 18. Qd3 g6 19. fxg6 1-0

[Event "Montreal Mercredi 02"]
[Site "Montreal"]
[Date "2007.02.21"]
[Round "1"]
[White "Bergeron, Rene"]
[Black "Neumark Gaudet, Zev"]
[Result "1-0"]
[WhiteElo "1447"]
[BlackElo "1493"]
[PlyCount "111"]
[EventDate "2007.02.21"]
[EventType "swiss"]
[EventRounds "5"]
[EventCountry "CAN"]
[SourceTitle "EXT 2022"]
[Source "ChessBase"]
[SourceDate "2021.10.06"]
[SourceVersion "1"]
[SourceVersionDate "2021.10.06"]
[SourceQuality "1"]

1. e4 d5 2. exd5 Qxd5 3. Nc3 Qa5 4. d4 c6 5. Bd2 Qc7 6. Nf3 Nf6 7. Bc4 Bf5 8. 0-0 e6 9. Bg5 Nbd7 10. Re1 Be7 11. Ne5 0-0 12. Bd3 Bxd3 13. Qxd3 Rad8 14. Qf3 h6 15. Bh4 Nxe5 16. dxe5 Nd5 17. Bxe7 Nxe7 18. Qh5 Nf5 19. f4 Rd2 20. Kh1 Qb6 21. Qf3 Nh4 22. Qh3 Nxg2 23. Rg1 Qe3 24. Qg4 Qxf4 25. Rxg2 Qxg4 26. Rxg4 Rxc2 27. Rg2 Rxg2 28. Kxg2 Rd8 29. Rd1 Rxd1 30. Nxd1 Kh7 31. Kf3 Kg6 32. Ke4 f5+ 33. exf6 gxf6 34. Ne3 Kg5 35. Ng2 h5 36. Kf3 f5 37. h4+ Kf6 38. Nf4 e5 39. Nxh5+ Kg6 40. Ng3 a5 41. h5+ Kg5 42. Ke2 f4 43. Ne4+ Kxh5 44. Kf3 b6 45. Nf6+ Kg6 46. Nd7 Kf5 47. Nxb6 e4+ 48. Kf2 Ke5 49. Nc4+ Kd4 50. Nxa5 Kd3 51. Nb3 e3+ 52. Kf3 Kc4 53. Nc1 c5 54. Kxf4 Kb4 55. Kxe3 c4 56. Kd4 1-0

[Event "Quebec-ch qual U1400"]
[Site "Montreal"]
[Date "2005.10.09"]
[Round "3"]
[White "Miron, Gilles"]
[Black "Neumark Gaudet, Zev"]
[Result "1-0"]
[WhiteElo "1268"]
[BlackElo "1315"]
[PlyCount "57"]
[EventDate "2005.10.08"]
[EventType "swiss"]
[EventRounds "7"]
[EventCountry "CAN"]
[SourceTitle "EXT 2009"]
[Source "ChessBase"]
[SourceDate "2008.11.26"]
[SourceVersion "1"]
[SourceVersionDate "2008.11.26"]
[SourceQuality "1"]

1. e4 d5 2. exd5 Qxd5 3. Nc3 Qa5 4. d4 c6 5. Nf3 Nf6 6. Bd3 Bg4 7. Bf4 e6 8. 0-0 Bb4 9. Ne4 Nxe4 10. Bxe4 Nd7 11. a3 Be7 12. Qd3 Nf6 13. c3 0-0 14. Nd2 Nxe4 15. Qxe4 Bf5 16. Qe3 Rfd8 17. Qg3 Qd5 18. Rfe1 Bd6 19. Bxd6 Qxd6 20. Qh4 c5 21. Nc4 Qc7 22. dxc5 Qxc5 23. Ne5 Rd2 24. Nc4 Rd5 25. Ne3 Re5 26. Rad1 Re4 27. Rd8+ Rxd8 28. Qxd8+ Qf8 29. Qc7 1-0